Dag yig Ma nor lam bzaṅ / (Record no. 89495)

MARC details
000 -LEADER
fixed length control field 00899cam a22002891a 4500
001 - CONTROL NUMBER
control field sa 68020556
003 - CONTROL NUMBER IDENTIFIER
control field DLC
005 - DATE AND TIME OF LATEST TRANSACTION
control field 20260227112725.0
008 - FIXED-LENGTH DATA ELEMENTS--GENERAL INFORMATION
fixed length control field 830906r19601958ii 000 0 tibo
010 ## - LIBRARY OF CONGRESS CONTROL NUMBER
LC control number sa 68020556
020 ## - INTERNATIONAL STANDARD BOOK NUMBER
Terms of availability Rs7.50
025 ## - OVERSEAS ACQUISITION NUMBER
Overseas acquisition number PL480:I-Tib-82
035 ## - SYSTEM CONTROL NUMBER
System control number (OCoLC)9877760
040 ## - CATALOGING SOURCE
Original cataloging agency DLC
Transcribing agency InU
Modifying agency DLC
042 ## - AUTHENTICATION CODE
Authentication code premarc
043 ## - GEOGRAPHIC AREA CODE
Geographic area code a-cc-ti
050 00 - LIBRARY OF CONGRESS CALL NUMBER
Classification number PL3635
Item number .T8 1960z
100 0# - MAIN ENTRY--PERSONAL NAME
Personal name Tshe-dbaṅ-rnam-rgyal,
Titles and words associated with a name Zas-gźis,
Dates associated with a name approximately 1913-
245 10 - TITLE STATEMENT
Title Dag yig Ma nor lam bzaṅ /
Statement of responsibility, etc. Tshe-dbaṅ-rnam-rgyal gyis brtsams pa.
260 ## - PUBLICATION, DISTRIBUTION, ETC.
Place of publication, distribution, etc. [Lippa, H.P. :
Name of publisher, distributor, etc. Tanzin Premi,
Date of publication, distribution, etc. 196-]
300 ## - PHYSICAL DESCRIPTION
Extent [3], 84, 524 p. ;
Dimensions 13 cm.
500 ## - GENERAL NOTE
General note In Tibetan.
500 ## - GENERAL NOTE
General note Photo-offset of Peking edition, 1958.
500 ## - GENERAL NOTE
General note Other editions published under title Bod kyi brda dag.
650 #0 - SUBJECT ADDED ENTRY--TOPICAL TERM
Topical term or geographic name entry element Tibetan language
Form subdivision Dictionaries.
650 #0 - SUBJECT ADDED ENTRY--TOPICAL TERM
Topical term or geographic name entry element Tibetan language
General subdivision Texts.

No items available.

Powered by Koha